000 00513pab a2200169 454500
008 180718b2013 xxu||||| |||| 00| 0 eng d
100 _aNanda, Sachita
245 _aUtilisation of maternal and child health care services by SCs and STs: A study of two village of Odisha
260 _c2013
300 _ao,19-37.
362 _aJul-Sep
650 _aMaternal and child health
700 _aSridevi, G.
773 _aIASSI Quarterly - Contribution to Indian Social Science
908 _aN
909 _a105102
999 _c105097
_d105097